000 00482nam a2200181Ia 4500
005 20230322134534.0
008 131103s9999 xx 000 0 und d
040 _aLoreto College
041 _aEnglish
082 _a822.91
_bHAM
100 _aHamilton, Patrick
245 _aGas Light
_b a Victorian thriller in three acts
_cPatrick Hamilton
260 _aLondon
_bConstable and Co. Ltd.
_c1967
300 _a83p.
650 _aEnglish drama
850 _aLCLIB
942 _cBK
999 _c22090
_d72569